Comentarios a la Ley de Régimen Jurídico de las Administraciones Públicas y del Procedimiento Administrativo Común (Registro nro. 159219)
[ vista simple ]
| 000 -LEADER | |
|---|---|
| fixed length control field | 01526ny a22003253n 4500 |
| 008 - FIXED-LENGTH DATA ELEMENTS--GENERAL INFORMATION | |
| fixed length control field | 020918s1993 sp |||||| o00| ||spa|c |
| 017 ## - | |
| -- | DL M. 26770-1993 |
| 020 ## - INTERNATIONAL STANDARD BOOK NUMBER | |
| International Standard Book Number | 9788445106969 |
| 035 ## - | |
| -- | 3305 |
| 040 ## - CATALOGING SOURCE | |
| Modifying agency | vLex |
| 080 ## - | |
| -- | 351.95 |
| 090 ## - | |
| -- | 700 |
| -- | 700 |
| 245 00 - TITLE STATEMENT | |
| Title | Comentarios a la Ley de Régimen Jurídico de las Administraciones Públicas y del Procedimiento Administrativo Común |
| Medium | [Recurso electrónico] |
| Statement of responsibility, etc | Carlos Vázquez Iruzubieta |
| 256 ## - | |
| -- | Servicio en línea. |
| 260 ## - PUBLICATION, DISTRIBUTION, ETC. (IMPRINT) | |
| Place of publication, distribution, etc | [Madrid] : |
| Name of publisher, distributor, etc | vLex, |
| Date of publication, distribution, etc | 2009 |
| 300 ## - PHYSICAL DESCRIPTION | |
| Extent | 280 p. ; |
| Dimensions | 24 cm |
| 506 1# - RESTRICTIONS ON ACCESS NOTE | |
| Terms governing access | Contenido solo disponible en los productos indicados |
| Authorized users | vLex Global |
| -- | vLex Global (Academic Edition, excluding Law Schools) |
| -- | vLex Global (U.S. Academic Edition, Law Schools) |
| -- | vLex Global (U.S. Academic Edition, excluding Law Schools) |
| -- | vLex Global (Academic Edition, Law Schools) |
| 650 07 - SUBJECT ADDED ENTRY--TOPICAL TERM | |
| Topical term or geographic name as entry element | Derecho administrativo |
| Source of heading or term | Tesauro vLex |
| 650 07 - SUBJECT ADDED ENTRY--TOPICAL TERM | |
| Topical term or geographic name as entry element | Procedimiento administrativo |
| Source of heading or term | Tesauro vLex |
| 650 07 - SUBJECT ADDED ENTRY--TOPICAL TERM | |
| Topical term or geographic name as entry element | Administrativo |
| Source of heading or term | Tesauro vLex |
| 650 07 - SUBJECT ADDED ENTRY--TOPICAL TERM | |
| Topical term or geographic name as entry element | Procesal |
| Source of heading or term | Tesauro vLex |
| 650 07 - SUBJECT ADDED ENTRY--TOPICAL TERM | |
| Topical term or geographic name as entry element | Administración publica |
| Source of heading or term | Tesauro vLex |
| 710 1# - ADDED ENTRY--CORPORATE NAME | |
| Corporate name or jurisdiction name as entry element | España. |
| Subordinate unit | Dirección General de la Función Pública |
| 710 1# - ADDED ENTRY--CORPORATE NAME | |
| Corporate name or jurisdiction name as entry element | España. |
| Title of a work | Ley de régimen jurídico de las administraciones públicas y del procedimiento administrativo común (1992) |
| 710 1# - ADDED ENTRY--CORPORATE NAME | |
| Corporate name or jurisdiction name as entry element | Madrid (Comunidad autónoma). |
| Subordinate unit | Consejería de Hacienda |
| 740 0# - | |
| -- | vLex Libros (Servicios en línea) |
| 856 40 - LOCALIZACIÓN Y ACCESO ELECTRÓNICO | |
| Identificador Uniforme del Recurso (URI/URL) | https://app.vlex.com/#/sources/3305 |
| 942 ## - | |
| -- | RAA |
| 999 ## - | |
| -- | 159219 |
| -- | 159219 |
No hay ítems disponibles.